书目信息 |
| 题名: |
足球射门技术图解
|
|
| 作者: | 高德宏 编著 | |
| 分册: | ||
| 出版信息: | 北京 北京体育大学出版社 2004 |
|
| 页数: | 169页 | |
| 开本: | 20cm | |
| 丛书名: | 运动技术图解丛书 | |
| 单 册: | ||
| 中图分类: | G843.19 | |
| 科图分类: | ||
| 主题词: | 足球运动--射门 | |
| 电子资源: | ||
| ISBN: | 7-81100-127-6 | |
| 000 | 00790oam2 2200241 45 | |
| 001 | 002698652 | |
| 005 | 20050111081025.5 | |
| 010 | @a7-81100-127-6@dCNY16.00 | |
| 100 | @a20040719d2004 em y0chiy0110 ea | |
| 101 | 0 | @achi |
| 102 | @aCN@b110000 | |
| 105 | @aa z 000yy | |
| 200 | 1 | @a足球射门技术图解@Azu qiu she men ji shu tu jie@f高德宏编著@FGao De Hong Bian Zhu |
| 210 | @a北京@c北京体育大学出版社@d2004 | |
| 215 | @a169页@c照片@d20cm | |
| 225 | 2 | @a运动技术图解丛书 |
| 330 | @a该书提供了大量的射门训练方法,内容包括掀起射门风暴、射门基本技术、头球射门、射门实战技巧、射门技术训练五部分。 | |
| 410 | @12001 @a运动技术图解丛书 | |
| 606 | 0 | @a足球运动@x射门 |
| 690 | @aG843.19@v4 | |
| 701 | 0 | @a高德宏@4编著 |
| 801 | 0 | @aCN@bNLC@c20040914 |
| 905 | @b342367-371@dG843.19@e181@f5 | |
| 足球射门技术图解/高德宏编著.-北京:北京体育大学出版社,2004 |
| 169页:照片;20cm.-(运动技术图解丛书) |
| ISBN 7-81100-127-6:CNY16.00 |
| 该书提供了大量的射门训练方法,内容包括掀起射门风暴、射门基本技术、头球射门、射门实战技巧、射门技术训练五部分。 |
| ● |
| 相关链接 |
|
|
|
|
正题名:足球射门技术图解
索取号:G843.19/181
 
预约/预借
| 序号 | 登录号 | 条形码 | 馆藏地/架位号 | 状态 | 备注 |
| 1 | 0342367 | 203423679 | 第一样本阅览室/ [索取号:G843.19/181] | 在馆 | |
| 2 | 0342368 | 203423688 | 第四借阅区/ [索取号:G843.19/181] | 在馆 | |
| 3 | 0342369 | 203423697 | 第四借阅区/ [索取号:G843.19/181] | 在馆 | |
| 4 | 0342370 | 203423704 | 第四借阅区/ [索取号:G843.19/181] | 在馆 | |
| 5 | 0342371 | 203423713 | 第四借阅区/ [索取号:G843.19/181] | 在馆 |